000 00543cab a2200217 4500
001 X925
008 090401t1993 xxu||||| |||| 00| 0 eng d
035 _a(Sirsi) u68282
041 _aeng
100 _aSmith, A.
245 _aDiversification adds £45,000 to farm income
260 _c1993
350 _a0
490 _aCS Monthly : Rural Practice
_v2(10) July/August 1993, 5(1)
650 _aDIVERSIFICATION
650 _aSCOTLAND
650 _aSTRUTT AND PARKER
690 _aRURAL PRACTICE
942 _n0
948 _c04/03/1997
999 _c42834
_d42834